000 00672nam a22001937a 4500
005 20251108164058.0
008 250721s1993 xx 000 0 ara d
082 1 4 _a216,912/بدو
100 1 _aالبدوي، إسماعيل
245 1 0 _aإختصاصات السلطة التنفيذية في الدولة الإسلامية و النظم الدستورية المعاصرة /
264 1 _aالقاهرة :
_bدار النهضة العربية،
_c1993.
300 _a648ص
650 1 7 _aالأحكام السلطانية
650 1 7 _aالخلافة
650 1 7 _aالإسلام
650 1 7 _aالسلطة التنفيذية
942 _2ddc
_cBK
999 _c3071
_d3071